|
|
|
|
| LEADER |
00000cam a2200000 7i4500 |
| 001 |
0000000648 |
| 005 |
20151222.0 |
| 008 |
070702 |
| 020 |
|
|
|a 9838914010
|
| 020 |
|
|
|a 9838914037(set)
|
| 090 |
0 |
0 |
|a JF
|b AD MAL (343)
|
| 100 |
0 |
|
|a Muhammad bin Harun
|
| 245 |
1 |
0 |
|a Peristiwa di Sungai Siong
|c Muhammad bin Harun
|
| 260 |
|
|
|a Selangor :
|b Penerbitan Orkid ,
|c 2005
|
| 440 |
|
0 |
|a Empat sekawan terus beraksi
|
| 500 |
|
|
|a Children ages 7-9 years old (orange)
|
| 650 |
|
0 |
|a Detective stories, Malay
|
| 650 |
|
0 |
|a Malay fiction
|
| 999 |
|
|
|a 0000917631
|b Book
|c Children Collection
|e Cawangan Bukit Gambir
|
| 999 |
|
|
|a 0000917632
|b Book
|c Children Collection
|e Cawangan Bukit Gambir
|
| 999 |
|
|
|a 0000917633
|b Book
|c Children Collection
|e Cawangan Bukit Gambir
|
| 999 |
|
|
|a 0000930014
|b Book
|c Children Collection
|e Cawangan Tangkak
|
| 999 |
|
|
|a 0000930015
|b Book
|c Children Collection
|e Cawangan Tangkak
|
| 999 |
|
|
|a 0000930016
|b Book
|c Children Collection
|e Cawangan Tangkak
|
| 999 |
|
|
|a 0000957527
|b Book
|c Children Collection
|e Perbadanan Perpustakaan Awam Johor
|
| 999 |
|
|
|a 0000957528
|b Book
|c Children Collection
|e Cawangan Segamat
|
| 999 |
|
|
|a 0000957530
|b Book
|c Children Collection
|e Cawangan Mersing
|
| 999 |
|
|
|a 0000957531
|b Book
|c Children Collection
|e Cawangan Kota Tinggi
|
| 999 |
|
|
|a 0000957839
|b Book
|c Children Collection
|e Cawangan Segamat
|
| 999 |
|
|
|a 0000957840
|b Book
|c Children Collection
|e Cawangan Segamat
|
| 999 |
|
|
|a 0001051931
|b Book
|c Children Collection
|e Cawangan Taman Universiti
|
| 999 |
|
|
|a 0001051933
|b Book
|c Children Collection
|e Cawangan Taman Universiti
|